| 000 | 00709cam a2200253 4500500 | ||
|---|---|---|---|
| 005 | 20260329005103.0 | ||
| 041 | _afre | ||
| 042 | _adc | ||
| 100 | 1 | 0 |
_aEnjalbert, Cédric _eauthor |
| 245 | 0 | 0 | _a“La Tendresse” : Mâles vus ! |
| 260 | _c2022. | ||
| 500 | _a1 | ||
| 690 | _aAlice Zeniter | ||
| 690 | _aÉmancipation | ||
| 690 | _aFragilité | ||
| 690 | _aHomme | ||
| 690 | _aMasculin | ||
| 690 | _aPierre Bourdieu | ||
| 690 | _aTendresse | ||
| 690 | _aThéâtre | ||
| 690 | _aViolence | ||
| 786 | 0 | _nPhilosophie magazine | 159 | 5 | 2022-05-01 | p. 74-74 | 1951-1787 | |
| 856 | 4 | 1 | _uhttps://shs.cairn.info/magazine-philosophie-magazine-2022-5-page-74?lang=fr&redirect-ssocas=7080 |
| 999 |
_c1840151 _d1840151 |
||